Экономика освоения Арктики и ее ресурсов; Творчество юных - шаг в успешное будущее

Dettagli Bibliografici
Parent link:Творчество юных - шаг в успешное будущее.— 2016.— [С. 444-448]
Autore principale: Малинкаев М. Ш.
Ente Autore: Национальный исследовательский Томский политехнический университет (ТПУ) Институт природных ресурсов (ИПР) Кафедра экономики природных ресурсов (ЭПР)
Altri autori: Шарф И. В. Ирина Валерьевна (научный руководитель)
Riassunto:Заглавие с титульного экрана
Lingua:russo
Pubblicazione: 2016
Serie:Экономика освоения Арктики и её ресурсов
Soggetti:
Accesso online:http://earchive.tpu.ru/handle/11683/36774
Natura: MixedMaterials Elettronico Capitolo di libro
KOHA link:https://koha.lib.tpu.ru/cgi-bin/koha/opac-detail.pl?biblionumber=622044

MARC

LEADER 00000naa2a2200000 4500
001 622044
005 20231101133206.0
035 |a (RuTPU)RU\TPU\conf\20696 
035 |a RU\TPU\conf\20695 
090 |a 622044 
100 |a 20170203d2016 k y0rusy50 ca 
101 0 |a rus 
102 |a RU 
105 |a y z 101zy 
135 |a drgn ---uucaa 
181 0 |a i  
182 0 |a b 
200 1 |a Экономика освоения Арктики и ее ресурсов  |f М. Ш. Малинкаев  |g науч. рук. И. В. Шарф 
203 |a Текст  |c электронный 
225 1 |a Экономика освоения Арктики и её ресурсов 
230 |a 1 компьютерный файл (pdf; 363 Kb) 
300 |a Заглавие с титульного экрана 
320 |a [Библиогр.: с. 448 (7 назв.)] 
463 1 |0 (RuTPU)RU\TPU\conf\20537  |t Творчество юных - шаг в успешное будущее  |o Арктика и её освоение  |o материалы IX Всероссийской научной молодежной конференции с международным участием с элементами научной школы имени профессора М.К. Коровина, г. Томск, 10-14 октября 2016 г.  |f Национальный исследовательский Томский политехнический университет (ТПУ) ; под ред. А. Ю. Дмитриева  |v [С. 444-448]  |d 2016 
610 1 |a труды учёных ТПУ 
610 1 |a электронные ресурсы 
610 1 |a арктический шельф 
610 1 |a экономическое развитие 
610 1 |a углеводородные ресурсы 
610 1 |a нефтегазодобыча 
610 1 |a месторождения 
700 1 |a Малинкаев  |b М. Ш. 
702 1 |a Шарф  |b И. В.  |c экономист  |c доцент Томского политехнического университета, кандидат экономических наук  |f 1969-  |g Ирина Валерьевна  |2 stltpush  |4 727 
712 0 2 |a Национальный исследовательский Томский политехнический университет (ТПУ)  |b Институт природных ресурсов (ИПР)  |b Кафедра экономики природных ресурсов (ЭПР)  |h 3659  |2 stltpush  |3 (RuTPU)RU\TPU\col\18668 
801 2 |a RU  |b 63413507  |c 20170213  |g RCR 
856 4 |u http://earchive.tpu.ru/handle/11683/36774 
942 |c BK